00307nam a2200109Ia 45000010005000000080041000050200022000460820034000681000032001022450042001342600021001762696241024s9999 xx 000 0 und d a978-9945-074-73-4 aRD/972.93053/SE474d/1930-1961 aAugusto Sención Villalona 0aLa dictadura del Trujillo (1930-1961) bEd. Búhoc2012